[Event "2024 British Rapidplay Championship"]
[Site "Holiday Inn Peterborough - West"]
[Date "2024.03.02"]
[Round "4.70"]
[White "Kryshtafor, Maksym"]
[Black "Brown, Chris"]
[Result "1-0"]
[WhiteFideId "34129227"]
[BlackFideId "343412343"]
[WhiteElo "1660"]
[BlackElo "1623"]
[EventDate "2024.03.02"]

1. e4 e5 2. Nf3 Nc6 3. Bb5 a6 4. Bxc6 dxc6 5. O-O Bg4 6. h3 h5 7. d3 Bc5 8. Nbd2
Qe7 9. Nc4 Bxf3 10. Qxf3 O-O-O 11. Qf5+ Kb8 12. Qxe5 Qxe5 13. Nxe5 Rh7 14. Nxf7 Rf8
15. Ne5 Kc8 16. Be3 Bd6 17. Nc4 Ne7 18. Nxd6+ cxd6 19. f4 g6 20. Rf3 Rhf7 21. Raf1
Kd7 22. d4 b5 23. g4 h4 24. f5 d5 25. e5 gxf5 26. g5 Ng6 27. Bd2 f4 28. Bb4 Re8 29.
Kh2 Ra8 30. a4 a5 31. Bc5 b4 32. b3 Rb8 33. Re1 Re8 34. Bb6 Rfe7 35. Bxa5 Rb8 36.
c4 dxc4 37. bxc4 b3 38. Rb1 b2 39. Rf2 c5 40. Rfxb2 Rxb2+ 41. Rxb2 cxd4 42. Rb7+
Ke6 43. Rb6+ Kf7 44. Rf6+ Kg7 45. Rd6 d3 46. Bc3 Nxe5 47. Rxd3 Kg6 48. Rd6+ Kf7 49.
g6+ Nxg6 50. Rf6+ Ke8 51. Rxg6 Re2+ 52. Rg2 Re3 53. Bd2 Ra3 54. Bxf4 Rxa4 55. Re2+
Kf7 56. Rc2 Ra6 57. c5 Rc6 58. Bd6 Ke6 59. Re2+ Kf5 60. Re5+ Kg6 61. Kg2 Ra6 62.
Kf3 Ra4 63. Re4 Ra3+ 64. Kf4 1-0

[Event "2024 British Rapidplay Championship"]
[Site "Holiday Inn Peterborough - West"]
[Date "2024.03.02"]
[Round "4.71"]
[White "Kumar, Sanjit S"]
[Black "Mouskos, Mia"]
[Result "1-0"]
[WhiteFideId "468142"]
[BlackFideId "488380"]
[WhiteElo "1799"]
[BlackElo "1539"]
[EventDate "2024.03.02"]

1. d4 d5 2. c4 e6 3. Nc3 Nf6 4. cxd5 exd5 5. Bg5 Be6 6. e3 c6 7. Bd3 Nbd7 8. Qc2
h6 9. Bh4 Bd6 10. Nge2 Qc7 11. Bg3 O-O 12. O-O Rac8 13. Rac1 a6 14. b4 Ng4 15. a4
Bxg3 16. hxg3 b5 17. axb5 cxb5 18. Nxd5 Qd6 19. Ndc3 Qxb4 20. d5 Bxd5 21. Nxd5 Qd6
22. Qa2 Rcd8 23. Rfd1 Nc5 24. Bb1 Na4 25. Qc2 g6 26. Ndc3 Qf6 27. Nxa4 Qxf2+ 28.
Kh1 Qxe3 29. Rf1 Rd2 30. Qc6 Qxe2 31. Bxg6 Nf2+ 32. Kg1 Nh3+ 33. Kh2 bxa4 34. Bxf7+
1-0

[Event "2024 British Rapidplay Championship"]
[Site "Holiday Inn Peterborough - West"]
[Date "2024.03.02"]
[Round "4.72"]
[White "Bellano, Harry"]
[Black "Kennedy, Craig"]
[Result "0-1"]
[WhiteFideId "343430015"]
[BlackFideId "408905"]
[WhiteElo "1632"]
[BlackElo "1839"]
[EventDate "2024.03.02"]

1. e4 e6 2. d4 d5 3. e5 c5 4. c3 Bd7 5. Nf3 Qb6 6. Bd3 Bb5 7. Bc2 Nc6 8. a4 Ba6 9.
Na3 cxd4 10. cxd4 Nb4 11. Bb1 Ne7 12. Qb3 Nec6 13. Nb5 Bxb5 14. axb5 Nxd4 15. Nxd4
Qxd4 16. O-O Qxe5 17. f4 Bc5+ 18. Kh1 Qd6 19. Bd2 O-O 20. Ra4 a5 21. bxa6 Nxa6 22.
Qd3 g6 23. Bc3 Nb4 24. Qh3 Rxa4 25. Qh6 d4 26. Be1 f5 27. Rf3 Qe7 28. Bh4 Ra1 29.
Rf1 Qg7 30. Qg5 Re8 31. Qg3 Nd5 32. Qd3 Ne3 33. Rc1 Bd6 34. Qb5 Raa8 35. Bd3 Rac8
36. Re1 Bxf4 37. Bf2 Qc7 38. g3 0-1

[Event "2024 British Rapidplay Championship"]
[Site "Holiday Inn Peterborough - West"]
[Date "2024.03.02"]
[Round "4.73"]
[White "Kaszuba, Adrian"]
[Black "Kaushik, Madhav"]
[Result "0-1"]
[WhiteFideId "41849027"]
[BlackFideId "499986"]
[WhiteElo "1649"]
[BlackElo "1559"]
[EventDate "2024.03.02"]

1. c3 e5 2. g3 Nf6 3. Bg2 d5 4. d3 h6 5. Nf3 Bd6 6. O-O O-O 7. Nbd2 c5 8. Qb3 Nc6
9. e4 Na5 10. Qc2 d4 11. Nc4 Nxc4 12. dxc4 Be6 13. cxd4 cxd4 14. b3 Rc8 15. Qd3 a5
16. Nd2 b5 17. cxb5 Rc3 18. Qe2 d3 19. Qd1 Qc7 20. Re1 Rc8 21. Bf1 Qc5 22. h3 Qxb5
23. Bb2 Rc2 24. Rb1 Bb4 25. Bc1 Bc3 26. Re3 Rd8 27. Bxd3 Rxd3 28. Qxc2 Rxe3 29. fxe3
Qe2 30. Qxc3 Bxh3 31. Qc8+ Bxc8 32. Rb2 Qd1+ 0-1

[Event "2024 British Rapidplay Championship"]
[Site "Holiday Inn Peterborough - West"]
[Date "2024.03.02"]
[Round "4.74"]
[White "Pradhan, Ayan"]
[Black "Cheng, Wing"]
[Result "0-1"]
[WhiteFideId "498319"]
[BlackFideId "343443621"]
[WhiteElo "1622"]
[BlackElo "1829"]
[EventDate "2024.03.02"]

1. e4 e6 2. d4 d5 3. Nd2 Nf6 4. e5 Nfd7 5. Bd3 c5 6. c3 Nc6 7. Ne2 Be7 8. Nf3 f6
9. Nf4 Nf8 10. exf6 gxf6 11. dxc5 Bxc5 12. Bb5 Qb6 13. Bxc6+ bxc6 14. Qe2 Ba6 15.
Qc2 e5 16. Nh5 Nd7 17. b4 Be7 18. Be3 Qb5 19. a4 Qc4 20. Ng7+ Kf7 21. Nf5 Rag8 22.
Nh6+ Ke8 23. Nxg8 Rxg8 24. b5 cxb5 25. axb5 Bxb5 26. Rg1 a6 27. Rb1 d4 28. Rxb5 axb5
29. Bd2 Nc5 30. Qxh7 dxc3 31. Qh5+ Kd8 32. Be3 Qd3 33. Qf7 Rf8 34. Qa2 c2 35. Qa8+
Kd7 36. Qa7+ Ke6 37. Bd2 Qe4+ 38. Kf1 Qd3+ 39. Ke1 Ne4 40. Qa2+ Kf5 41. g4+ Kg6 42.
Nh4+ Kh7 43. Qa5 Nxd2 44. Qxd2 Bb4 0-1

[Event "2024 British Rapidplay Championship"]
[Site "Holiday Inn Peterborough - West"]
[Date "2024.03.02"]
[Round "4.75"]
[White "Graham, Neil"]
[Black "Ferris, Oliver"]
[Result "0-1"]
[WhiteFideId "408999"]
[BlackFideId "343400850"]
[WhiteElo "1824"]
[BlackElo "1546"]
[EventDate "2024.03.02"]

1. d4 d5 2. e4 dxe4 3. Nc3 Nf6 4. f3 Bf5 5. fxe4 Nxe4 6. g4 Bg6 7. Bg2 Nxc3 8. bxc3
Nc6 9. Rb1 Na5 10. Rxb7 c6 11. Bf4 e5 12. Bxe5 Bd6 13. Bxd6 Qxd6 14. Rb1 O-O 15.
Ne2 Nc4 16. Qd3 Bxd3 0-1

[Event "2024 British Rapidplay Championship"]
[Site "Holiday Inn Peterborough - West"]
[Date "2024.03.02"]
[Round "4.76"]
[White "Smith, Gary P"]
[Black "Dupuis, Daniel"]
[Result "1-0"]
[WhiteFideId "424625"]
[BlackFideId "343410529"]
[WhiteElo "1815"]
[BlackElo "1542"]
[EventDate "2024.03.02"]

1. e4 c6 2. Nf3 d5 3. Nc3 d4 4. Ne2 c5 5. Ng3 Nc6 6. Bc4 Bg4 7. h3 Bxf3 8. Qxf3 Ne5
9. Qb3 Nxc4 10. Qxc4 e5 11. d3 h6 12. O-O Nf6 13. f4 exf4 14. Bxf4 Be7 15. Qb5+ Qd7
16. Qxd7+ Nxd7 17. Nf5 Bf6 18. Nd6+ Ke7 19. b3 b6 20. Rae1 Be5 21. Nf5+ Kf8 22. Re2
Bxf4 23. Rxf4 f6 24. a4 Ne5 25. Nd6 Ke7 26. Nc4 Nxc4 27. bxc4 Kd6 28. g4 Rab8 29.
Rf5 Ke6 30. e5 fxe5 31. Rfxe5+ Kf6 32. h4 Kg6 33. Re6+ Kh7 34. R2e5 Rb7 35. Kg2 Rf8
36. Re7 Rf7 37. Re8 a6 38. R5e6 Rf6 39. Rxf6 gxf6 40. Kf3 b5 41. axb5 axb5 42. cxb5
Rxb5 43. Kf4 Rb2 44. Re7+ Kg8 45. Re2 Kf7 46. h5 Ra2 47. Kf5 Rb2 48. Rh2 Ra2 49.
g5 fxg5 50. Ke5 Ra5 51. Kd5 Kf6 52. Rf2+ Ke7 53. Re2+ Kf6 54. Re6+ Kf5 55. Rxh6 g4
56. Rh8 g3 57. h6 Kf4 58. h7 c4+ 59. Kxc4 Rh5 60. Rf8 Ke3 61. h8=Q Rxh8 62. Rxh8
g2 63. Rg8 Kf2 64. Rxg2+ Kxg2 65. Kxd4 Kf3 66. c4 Kf4 67. Kd5 Kf5 68. Kd6 Kf6 69.
c5 Kf7 70. Kd7 Kf6 71. c6 Ke5 72. c7 1-0

[Event "2024 British Rapidplay Championship"]
[Site "Holiday Inn Peterborough - West"]
[Date "2024.03.02"]
[Round "4.77"]
[White "Williams, Ana"]
[Black "Borgars, Alan"]
[Result "1-0"]
[WhiteFideId "343419771"]
[BlackFideId "343433880"]
[WhiteElo "1804"]
[BlackElo "1522"]
[EventDate "2024.03.02"]

1. e4 e5 2. Nf3 Nc6 3. d4 exd4 4. Bc4 h6 5. O-O Bc5 6. c3 d3 7. Qxd3 Nf6 8. e5 Ng4
9. Bxf7+ Kxf7 10. Qd5+ Ke8 11. Qxc5 d6 12. exd6 cxd6 13. Qh5+ Kf8 14. Bf4 Qf6 15.
Nh4 Ne7 16. Bg3 Be6 17. Bxd6 Rd8 18. Ng6+ Kg8 19. Bxe7 Qf5 20. Qxf5 Bxf5 21. Bxd8
Bxg6 22. h3 Ne5 23. Re1 Nd3 24. Re2 Kh7 25. Bh4 Rc8 26. Na3 a6 27. Rd1 Nf4 28. Red2
Bh5 29. f3 Rc6 30. Bg3 Ne6 31. Rd6 1-0

[Event "2024 British Rapidplay Championship"]
[Site "Holiday Inn Peterborough - West"]
[Date "2024.03.02"]
[Round "4.78"]
[White "Mitraka, Chrysa"]
[Black "Graff, Ben"]
[Result "1-0"]
[WhiteFideId "2409968"]
[BlackFideId "424170"]
[WhiteElo "1612"]
[BlackElo "1782"]
[EventDate "2024.03.02"]

1. d4 d5 2. c4 e6 3. Nc3 Nf6 4. cxd5 exd5 5. Bg5 c6 6. Qc2 Bb4 7. e3 h6 8. Bh4 Be6
9. Bd3 Nbd7 10. Nge2 Qa5 11. a3 Bxc3+ 12. bxc3 g5 13. Bg3 c5 14. Kf1 Rc8 15. f3 cxd4
16. exd4 Rg8 17. Qb2 Qb6 18. Qd2 Qa5 19. Kf2 Nh5 20. Rhe1 Nxg3 21. hxg3 Kf8 22. Reb1
Qc7 23. Qb2 b6 24. Qb4+ Kg7 25. a4 a5 26. Qb2 Rh8 27. Rh1 f6 28. Rab1 Bf7 29. Qc2
Nf8 30. Bf5 Be6 31. Bxe6 Nxe6 32. Qf5 Qd6 33. f4 Rce8 34. Qg4 Ref8 35. f5 Nc7 36.
Qh5 Rh7 37. Qg6+ Kh8 38. Rxh6 Rff7 39. Rbh1 Qe7 40. Rxh7+ Rxh7 41. Rxh7+ Qxh7 42.
Qxf6+ Qg7 43. Qxb6 Qf7 44. Qh6+ Kg8 45. Qxg5+ Kh8 46. Qh6+ Kg8 47. g4 Ne8 48. Qe6
Ng7 49. Qxf7+ Kxf7 50. Nf4 Kf6 51. Nxd5+ Kg5 52. Kf3 Ne8 53. f6 Kg6 54. c4 Kf7 55.
Kf4 Nd6 56. c5 Nc8 57. Kf5 Ke8 58. Ke4 1-0

[Event "2024 British Rapidplay Championship"]
[Site "Holiday Inn Peterborough - West"]
[Date "2024.03.02"]
[Round "4.79"]
[White "Zhang, Junyi"]
[Black "Broomfield, Daniel"]
[Result "1-0"]
[WhiteFideId "494437"]
[BlackFideId "343110840"]
[WhiteElo "1701"]
[BlackElo "1519"]
[EventDate "2024.03.02"]

1. e4 e5 2. Nf3 Nc6 3. Bc4 Nf6 4. Ng5 d5 5. exd5 Na5 6. Bb5+ c6 7. dxc6 bxc6 8. Bd3
Nd5 9. h4 Be7 10. Nf3 Bf6 11. O-O Bg4 12. Be2 Nf4 13. d3 O-O 14. Bxf4 exf4 15. c3
Re8 16. Nbd2 Bxh4 17. Ne4 Nb7 18. Nxh4 Bxe2 19. Qxe2 Qxh4 20. Qc2 Re6 21. f3 Rh6
22. Qb3 Qh1+ 23. Kf2 Qh4+ 24. Ke2 Na5 25. Qb4 Rh5 26. Rh1 Qxh1 27. Rxh1 Rxh1 28.
Qxa5 Re8 29. Qg5 g6 30. Kd2 Re6 31. Qxf4 Rg1 32. Qh2 Ra1 33. Ng5 h5 34. Nxe6 fxe6
35. Qb8+ Kf7 36. Qxa7+ 1-0

[Event "2024 British Rapidplay Championship"]
[Site "Holiday Inn Peterborough - West"]
[Date "2024.03.02"]
[Round "4.80"]
[White "Hu, Junyan"]
[Black "Gunarathne, Senith"]
[Result "1-0"]
[WhiteFideId "343401260"]
[BlackFideId "343104324"]
[WhiteElo "1611"]
[BlackElo "1591"]
[EventDate "2024.03.02"]

1. e4 c5 2. Nf3 d6 3. d4 cxd4 4. Nxd4 Nf6 5. f3 a6 6. c4 e5 7. Nb3 Be6 8. Nc3 Nbd7
9. Be3 Be7 10. Be2 Rc8 11. Nd5 Bxd5 12. cxd5 O-O 13. O-O b5 14. Qd2 Nb6 15. Na5 Na4
16. Nc6 Qd7 17. b3 Nc5 18. Bxc5 dxc5 19. Nxe5 Qd6 20. Nd3 c4 21. bxc4 bxc4 22. Nf2
Nd7 23. Qc2 Nb6 24. Rab1 Bf6 25. Rfd1 Qc5 26. Rf1 Bd4 27. g3 f5 28. Kg2 Bxf2 29.
Rxf2 fxe4 30. Qxe4 Rce8 31. Qc2 Nxd5 32. Qxc4 Qd6 33. Rd1 Rd8 34. Qxd5+ Qxd5 35.
Rxd5 Rxd5 36. Bc4 Rfd8 37. Rd2 Kf8 38. Rxd5 Rb8 39. Bb3 Rc8 40. Ra5 Rc6 41. Rf5+
Ke8 42. Ba4 Ke7 43. Bxc6 Ke6 44. Ra5 g5 45. Rxa6 g4 46. fxg4 h5 47. gxh5 Kf6 48.
h6 Kg6 49. Be4+ Kf7 50. h7 Kg7 51. Ra7+ Kh8 52. Ra8+ Kg7 53. h8=Q+ Kf7 54. Ra7+ Ke6
55. Qh6+ Ke5 56. Ra5+ Kd4 57. Qd6+ Kxe4 58. Qb4+ Kd3 59. Ra3+ Kc2 60. Qc3+ Kb1 61.
Rb3+ Kxa2 62. Qb2# 1-0

[Event "2024 British Rapidplay Championship"]
[Site "Holiday Inn Peterborough - West"]
[Date "2024.03.02"]
[Round "4.81"]
[White "Siu, Kam Wa"]
[Black "Bennet, Freddie"]
[Result "0-1"]
[WhiteFideId "6008860"]
[BlackFideId "343437133"]
[WhiteElo "1456"]
[BlackElo "1460"]
[EventDate "2024.03.02"]

1. e4 c6 2. d4 d5 3. Nc3 dxe4 4. Nxe4 Bf5 5. Ng3 Bg6 6. h4 h6 7. h5 Bh7 8. c3 e6
9. Bd3 Bxd3 10. Qxd3 Nf6 11. N1e2 Bd6 12. Ne4 Nxe4 13. Qxe4 Nd7 14. Bf4 Nf6 15. Qf3
Nd5 16. Bxd6 Qxd6 17. O-O O-O 18. Rfe1 Rfe8 19. Ng3 Rac8 20. Re2 Nf6 21. Rae1 Qd5
22. Qxd5 cxd5 23. f4 Rc6 24. f5 Kf8 25. fxe6 Rcxe6 26. Rxe6 Rxe6 27. Rxe6 fxe6 28.
Kf2 Kf7 29. Kf3 g5 30. hxg6+ Kxg6 31. Kf4 Nd7 32. Nf1 h5 33. g3 Kf6 34. Ne3 Nb6 35.
b3 a5 36. c4 a4 37. c5 Nd7 38. bxa4 Ke7 39. a5 Nb8 40. Kg5 Nc6 41. Nc2 e5 42. dxe5
Nxe5 43. Nb4 d4 44. Nd5+ Ke6 0-1

[Event "2024 British Rapidplay Championship"]
[Site "Holiday Inn Peterborough - West"]
[Date "2024.03.02"]
[Round "4.82"]
[White "Keshari, Rohit"]
[Black "De Silva, Sithun"]
[Result "0-1"]
[WhiteFideId "497088"]
[BlackFideId "343419925"]
[WhiteElo "1590"]
[BlackElo "1737"]
[EventDate "2024.03.02"]

1. d4 Nf6 2. e3 d5 3. f4 g6 4. Nf3 Bg7 5. Bd3 c5 6. c3 Nbd7 7. Nbd2 b6 8. O-O O-O
9. e4 dxe4 10. Nxe4 Bb7 11. Qe1 cxd4 12. cxd4 Re8 13. Bd2 Nf8 14. Bc3 Ne6 15. f5
gxf5 16. Nxf6+ Bxf6 17. Bxf5 Nxd4 18. Qg3+ Kh8 19. Nxd4 Bxd4+ 20. Bxd4+ Qxd4+ 21.
Kh1 Rg8 22. Bg4 Rxg4 23. Qf2 Bxg2+ 24. Qxg2 Rxg2 0-1

[Event "2024 British Rapidplay Championship"]
[Site "Holiday Inn Peterborough - West"]
[Date "2024.03.02"]
[Round "4.83"]
[White "Herring, Tim JC"]
[Black "Halpin, David"]
[Result "1/2-1/2"]
[WhiteFideId "429775"]
[BlackFideId "343403484"]
[WhiteElo "1755"]
[BlackElo "1371"]
[EventDate "2024.03.02"]

1. d4 c6 2. Bf4 d5 3. Nf3 Bg4 4. Nbd2 Bxf3 5. Nxf3 e6 6. e3 Nf6 7. Bd3 Nbd7 8. c3
Be7 9. Qc2 h6 10. h3 g5 11. Bh2 a6 12. Ne5 Nxe5 13. Bxe5 Rg8 14. h4 g4 15. O-O-O
Bd6 16. Bh7 Rg7 17. Bd3 Bxe5 18. dxe5 Nd7 19. f4 gxf3 20. gxf3 Rg3 21. f4 Rxe3 22.
Qf2 Qb6 23. Kd2 d4 24. cxd4 Qxb2+ 25. Kxe3 Qb6 26. Rhg1 O-O-O 27. Rg7 Nf8 28. Rxf7
Ng6 29. Rb1 Qxd4+ 30. Kf3 Qxd3+ 31. Kg2 Qxb1 32. Rf6 Rg8 33. Kh2 Nxh4 34. Rf8+ Rxf8
35. Qxh4 Qxa2+ 36. Kh3 Qa3+ 37. Kg4 Rg8+ 38. Kh5 Qf3+ 39. Kxh6 Rg4 40. Qh5 b5 41.
Qe8+ Kb7 42. Qd7+ Kb6 43. Qd8+ Kc5 44. Qd6+ Kb6 45. Qd8+ Kc5 46. Qe8 1/2-1/2

[Event "2024 British Rapidplay Championship"]
[Site "Holiday Inn Peterborough - West"]
[Date "2024.03.02"]
[Round "4.84"]
[White "Blair, Jimmy"]
[Black "Takvorian, Sebouh"]
[Result "0-1"]
[WhiteFideId "437565"]
[BlackFideId "430960"]
[WhiteElo "1580"]
[BlackElo "1735"]
[EventDate "2024.03.02"]

1. e4 e6 2. e5 c5 3. Nf3 Nc6 4. Nc3 a6 5. d4 cxd4 6. Nxd4 Nxe5 7. Bf4 Ng6 8. Bg3
Nf6 9. Bd3 Bc5 10. Bxg6 fxg6 11. O-O O-O 12. Nf3 Nh5 13. Bh4 Qc7 14. Ne4 Ba7 15.
Be7 Rf7 16. Bd6 Qc6 17. Neg5 Rf6 18. Be5 Rf8 19. Qd2 h6 20. Nh3 Rxf3 21. gxf3 Qxf3
22. Qd3 Qg4+ 23. Kh1 b5 24. Rae1 Bb7+ 25. f3 Qxh3 0-1

[Event "2024 British Rapidplay Championship"]
[Site "Holiday Inn Peterborough - West"]
[Date "2024.03.02"]
[Round "4.85"]
[White "Manavalan, Keerthi Kumar"]
[Black "Smith, Andrew PE"]
[Result "1-0"]
[WhiteFideId "343412661"]
[BlackFideId "469793"]
[WhiteElo "1559"]
[BlackElo "1645"]
[EventDate "2024.03.02"]

1. e4 e6 2. d4 d5 3. exd5 exd5 4. Nf3 Bd6 5. Bd3 Ne7 6. O-O Nbc6 7. c3 Bg4 8. Nbd2
Qd7 9. c4 O-O 10. c5 Bf4 11. Nb3 Bxc1 12. Rxc1 a5 13. Bb5 Qf5 14. Be2 Ng6 15. h3
Bh5 16. Nh2 Bxe2 17. Qxe2 a4 18. Na1 Nxd4 19. Qd2 Nf4 20. Kh1 Nfe2 21. Rce1 Rfe8
22. Nc2 Nxc2 23. Rxe2 Rxe2 24. Qxe2 Qe4 25. Qb5 d4 26. Qc4 Re8 27. Nf3 d3 28. Qxe4
Rxe4 29. Rd1 g6 30. Rxd3 Nb4 31. Rd8+ Kg7 32. a3 Nc2 33. Rd7 Ne1 34. Ng5 Kf6 35.
Nxe4+ 1-0

[Event "2024 British Rapidplay Championship"]
[Site "Holiday Inn Peterborough - West"]
[Date "2024.03.02"]
[Round "4.86"]
[White "Mohammed Sharifdeen, Mohamed Nasrudeen Meeran"]
[Black "Letton, Rob"]
[Result "1-0"]
[WhiteFideId "343423736"]
[BlackFideId "464384"]
[WhiteElo "1551"]
[BlackElo "1722"]
[EventDate "2024.03.02"]

1. e4 c5 2. Nf3 Nc6 3. d4 cxd4 4. Nxd4 g6 5. c4 Bg7 6. Be3 d6 7. Nc3 Nf6 8. h3 O-O
9. Be2 a6 10. O-O Nxd4 11. Bxd4 Be6 12. b3 Rc8 13. Bf3 Qa5 14. Rc1 b5 15. cxb5 axb5
16. Qd2 Bd7 17. Rfd1 Rc7 18. Qe3 Rb8 19. Bxf6 Bxf6 20. Nd5 Rxc1 21. Nxf6+ exf6 22.
Qxc1 Be6 23. Qb2 Kg7 24. Rxd6 1-0

[Event "2024 British Rapidplay Championship"]
[Site "Holiday Inn Peterborough - West"]
[Date "2024.03.02"]
[Round "4.87"]
[White "Patel, Diah"]
[Black "Kennedy, Aden"]
[Result "0-1"]
[WhiteFideId "496677"]
[BlackFideId "343401015"]
[WhiteElo "1545"]
[BlackElo "1639"]
[EventDate "2024.03.02"]

1. e4 g6 2. d4 Bg7 3. Nf3 c5 4. Be3 cxd4 5. Bxd4 Nf6 6. Nc3 Nc6 7. Bxf6 Bxf6 8. Bd3
O-O 9. O-O d6 10. Nd5 Bg7 11. c3 Bg4 12. Ne3 Bxf3 13. Qxf3 Ne5 14. Qe2 e6 15. Ng4
Nxd3 16. Qxd3 Qb6 17. b4 Rac8 18. Rac1 Rfd8 19. Qf3 Rc4 20. a4 Rdc8 21. a5 Qd8 22.
e5 dxe5 23. Rfd1 Qg5 24. Ne3 e4 25. Qe2 Rxc3 26. Rxc3 Rxc3 27. g3 h5 28. Qb5 Qxb5
29. Rd8+ Kh7 30. g4 Qe2 31. gxh5 Rc1+ 32. Kg2 Qf3# 0-1

[Event "2024 British Rapidplay Championship"]
[Site "Holiday Inn Peterborough - West"]
[Date "2024.03.02"]
[Round "4.88"]
[White "Bevis, Noah"]
[Black "Amir, Zain"]
[Result "1/2-1/2"]
[WhiteFideId "343434630"]
[BlackFideId "473227"]
[WhiteElo "1454"]
[BlackElo "1689"]
[EventDate "2024.03.02"]

1. e4 Nc6 2. d4 d5 3. exd5 Qxd5 4. Be3 e5 5. Nc3 Bb4 6. dxe5 Qxd1+ 7. Rxd1 Nxe5 8.
Bd4 f6 9. Be2 Bf5 10. Rd2 O-O-O 11. Nf3 Nxf3+ 12. Bxf3 Ne7 13. Kd1 a6 14. a3 Bxc3
15. Bxc3 Rxd2+ 16. Kxd2 Rd8+ 17. Kc1 Nd5 18. Bd2 c6 19. Re1 Kd7 20. c4 Ne7 21. Bb4
Re8 22. g4 Be6 23. b3 Ng6 24. Bc3 b6 25. g5 fxg5 26. Bxg7 Re7 27. Bh6 Rf7 28. Bxc6+
Kd6 29. Rxe6+ Kxe6 30. Bd5+ Kf6 31. Bxg5+ Kxg5 32. Bxf7 Ne5 33. Be6 Nd3+ 34. Kc2
Nxf2 35. b4 Kf4 36. c5 bxc5 37. bxc5 Ke5 38. Bc8 a5 39. c6 Kd6 40. Bd7 Ne4 41. Kb3
Nc5+ 42. Kc4 h5 43. Kb5 Nxd7 44. cxd7 Kxd7 45. Kxa5 Kc6 46. Kb4 Kb6 47. h4 Ka6 48.
a4 Kb6 49. a5+ Ka6 50. Kc5 Kxa5 51. Kd5 Kb5 52. Ke5 Kc5 53. Kf5 Kd5 54. Kg5 Ke5 55.
Kxh5 Kf5 56. Kh6 Kf6 57. h5 Kf7 58. Kh7 Kf8 59. Kh8 Kf7 60. h6 Kf8 61. Kh7 Kf7 1/2-1/2

[Event "2024 British Rapidplay Championship"]
[Site "Holiday Inn Peterborough - West"]
[Date "2024.03.02"]
[Round "4.89"]
[White "Sriram, Gautam"]
[Black "Zajaczkowski, Marek"]
[Result "0-1"]
[WhiteFideId "498491"]
[BlackFideId "343410685"]
[WhiteElo "1480"]
[BlackElo "1672"]
[EventDate "2024.03.02"]

1. e4 Nf6 2. Nc3 d5 3. exd5 Nxd5 4. Nxd5 Qxd5 5. h3 Nc6 6. Nf3 h6 7. d4 e5 8. dxe5
Qxd1+ 9. Kxd1 Bc5 10. Ke1 Bf5 11. Bb5 Be4 12. Ke2 O-O-O 13. Bxc6 Bxc6 14. Be3 Bb5+
15. Ke1 Bxe3 16. fxe3 Rhe8 17. Kf2 Bc6 18. Nd4 Be4 19. c3 Rxe5 20. Rad1 Red5 21.
Ke2 Bxg2 22. Rh2 Be4 23. Rf1 c5 24. Nb3 Bd3+ 25. Ke1 Bxf1 26. Kxf1 a5 27. Rf2 f6
28. Nxa5 Rd1+ 29. Kg2 R8d2 30. Nc4 Rxf2+ 31. Kxf2 b5 32. Ke2 Ra1 33. Nd6+ Kd7 34.
Nxb5 Rxa2 35. Kd3 Rxb2 36. Kc4 Rh2 37. Kxc5 Rxh3 38. Kd4 h5 39. c4 h4 40. c5 Rh1
41. Ke4 Kc6 42. Nd4+ Kxc5 43. Kf3 Kd5 44. Kg2 Re1 45. Kf2 h3 46. Nf3 Ra1 47. Kg3
Ra3 48. Kf2 g5 49. Kg3 Rxe3 50. Kf2 Rxf3+ 51. Kxf3 g4+ 52. Kg3 Ke4 53. Kh2 Kf3 54.
Kg1 g3 55. Kh1 f5 56. Kg1 f4 57. Kh1 Ke2 58. Kg1 f3 59. Kh1 g2+ 60. Kg1 f2+ 61. Kh2
g1=Q 62. Kxh3 Kf3 0-1

[Event "2024 British Rapidplay Championship"]
[Site "Holiday Inn Peterborough - West"]
[Date "2024.03.02"]
[Round "4.91"]
[White "Shankar, Yashwardhan"]
[Black "Waterman, Nick I"]
[Result "1-0"]
[WhiteFideId "2411067"]
[BlackFideId "443123"]
[WhiteElo "1254"]
[BlackElo "1667"]
[EventDate "2024.03.02"]

1. d4 d5 2. Bf4 Nf6 3. e3 Bf5 4. c4 e6 5. Nc3 Bd6 6. Bg3 O-O 7. Nf3 h6 8. c5 Bxg3
9. hxg3 Nbd7 10. Bd3 Ne4 11. Qc2 Ndf6 12. Nd2 c6 13. Ndxe4 Nxe4 14. Nxe4 dxe4 15.
Bxe4 Qa5+ 16. Kf1 Qb5+ 17. Kg1 Bxe4 18. Qxe4 Qxb2 19. Qb1 Qxb1+ 20. Rxb1 Rab8 21.
Kh2 b6 22. Rhc1 b5 23. Kg1 a5 24. Kf1 Rfd8 25. Ke2 Kf8 26. Kd3 Ke7 27. a3 f6 28.
Kc3 Rd5 29. Re1 Rh5 30. Rh1 Rxh1 31. Rxh1 Rd8 32. f4 f5 33. g4 Kf6 1-0

[Event "2024 British Rapidplay Championship"]
[Site "Holiday Inn Peterborough - West"]
[Date "2024.03.02"]
[Round "4.93"]
[White "Mehta, Zara"]
[Black "Mehta, Sophie"]
[Result "0-1"]
[WhiteFideId "343401236"]
[BlackFideId "487996"]
[WhiteElo "1125"]
[BlackElo "1635"]
[EventDate "2024.03.02"]

1. d4 Nf6 2. Bf4 g6 3. e3 Bg7 4. Nf3 O-O 5. Nbd2 d6 6. c3 Re8 7. Bc4 Nc6 8. O-O Bd7
9. Qb3 e6 10. Rae1 Na5 11. Qc2 Nxc4 12. Nxc4 Bb5 13. Nfd2 d5 14. Qb3 a6 15. a4 dxc4
16. Nxc4 Bxc4 17. Qxc4 c6 18. Qb3 b5 19. Ra1 Ne4 20. Rfd1 Qd5 21. Qb4 Qc4 22. Qa3
bxa4 23. Qxa4 Qxa4 24. Rxa4 g5 25. Bc7 Rec8 26. Ba5 Rcb8 27. Ra2 Rb3 28. Bc7 Ra7
29. Bd8 Bf6 30. Ba5 Nd6 31. f3 Nc4 32. Bb4 Rxb2 33. Rxb2 Nxb2 34. Rd2 Nc4 35. Re2
a5 36. Bc5 Ra8 37. e4 Bd8 38. Ra2 Bb6 39. Bb4 Ra7 40. Bc5 Bxc5 41. dxc5 a4 42. Kf2
a3 43. Ke2 Rd7 44. h3 Rd2+ 0-1

[Event "2024 British Rapidplay Championship"]
[Site "Holiday Inn Peterborough - West"]
[Date "2024.03.02"]
[Round "4.95"]
[White "Stokes, Richard"]
[Black "Zeynalli, Nial"]
[Result "1-0"]
[WhiteFideId "432628"]
[BlackFideId "343404332"]
[WhiteElo "1692"]
[BlackElo "1527"]
[EventDate "2024.03.02"]

1. e4 c5 2. d4 cxd4 3. c3 dxc3 4. Nxc3 Nc6 5. Nf3 e6 6. Bc4 Bb4 7. O-O Nge7 8. Bg5
h6 9. Bh4 a6 10. Qe2 b5 11. Bb3 Bb7 12. Rfd1 O-O 13. Rac1 Na5 14. Bc2 Nc4 15. Bb3
Na5 16. Ne5 d6 17. Bc2 Rc8 18. Nb1 Qc7 19. Nd3 Bc5 20. b4 Bxb4 21. Nxb4 Nc4 22. Bb3
Qa5 23. Bxe7 Rfe8 24. Bxd6 Nxd6 25. Rxc8 Rxc8 26. a3 Nxe4 27. Nd2 Nxd2 28. Qxd2 Qxa3
29. Bc2 a5 30. Qd8+ 1-0

[Event "2024 British Rapidplay Championship"]
[Site "Holiday Inn Peterborough - West"]
[Date "2024.03.02"]
[Round "4.96"]
[White "Ou, Siyuan"]
[Black "Mohamed Nasrudeen Meeran, Muiz Ul Meeran"]
[Result "1-0"]
[WhiteFideId "343405657"]
[BlackFideId "343423744"]
[WhiteElo "1434"]
[BlackElo "1642"]
[EventDate "2024.03.02"]

1. e4 e5 2. Nf3 Nc6 3. Bc4 d6 4. d3 h6 5. Nc3 Nf6 6. O-O Be7 7. Ne2 O-O 8. Ng3 Bg4
9. h3 Bxf3 10. Qxf3 Nd4 11. Qd1 a6 12. a4 Nc6 13. Be3 Qd7 14. Nf5 Rfe8 15. Qf3 Bf8
16. Qg3 Kh7 17. Qh4 Ng8 18. Qg3 Nce7 19. Bxf7 Red8 20. Nxe7 Nxe7 21. f4 exf4 22.
Rxf4 Kh8 23. Bb3 Nc6 24. Rf7 Qe8 25. Bxh6 gxh6 26. Rh7+ Kxh7 27. Qg8# 1-0

[Event "2024 British Rapidplay Championship"]
[Site "Holiday Inn Peterborough - West"]
[Date "2024.03.02"]
[Round "4.97"]
[White "Caraway, Samuel"]
[Black "Rogowski, Rafal"]
[Result "1-0"]
[WhiteFideId "444766"]
[BlackFideId "343415970"]
[WhiteElo "1834"]
[BlackElo "1591"]
[EventDate "2024.03.02"]

1. g4 d5 2. Bg2 Bxg4 3. c4 c6 4. cxd5 Bd7 5. Qb3 Qc7 6. Nc3 Nf6 7. d4 e6 8. e4 Be7
9. Nge2 Qb6 10. Qxb6 axb6 11. d6 Bd8 12. e5 Nd5 13. a3 f5 14. h4 h6 15. Bd2 O-O 16.
O-O-O Be8 17. h5 Nd7 18. Nxd5 cxd5 19. Nf4 Kf7 20. Nxd5 Ra7 21. Nc3 Nb8 22. d5 Bd7
23. f4 Na6 24. dxe6+ Bxe6 25. Nb5 Ra8 26. Bxb7 Rb8 27. Bxa6 Kg8 28. Nd4 Bd5 29. Rh2
Ra8 30. Bd3 Rc8+ 31. Kb1 b5 32. Bxb5 Rf7 33. e6 Rb7 34. Ba6 Rxb2+ 35. Kxb2 Rb8+ 36.
Bb5 Bf6 37. Bc3 Bxd4 38. Rxd4 Rxb5+ 39. Bb4 Bxe6 40. d7 1-0